|
|
|
|
| LEADER |
00000nab a2200000 a 4500 |
| 001 |
vtls000013758 |
| 003 |
SK-MaSNL |
| 005 |
20260303210753.0 |
| 008 |
160211c1970 xo 0 slo |
| 015 |
|
|
|a SNBRB19rr/mm-uuuuu
|
| 035 |
|
|
|a CL0023852
|
| 040 |
|
|
|a SNKBUCL
|b slo
|c SNKBUCL
|e AACR2
|
| 041 |
0 |
|
|a slo
|
| 044 |
|
|
|a xo
|c SK
|
| 080 |
|
|
|a 308
|2 1981
|
| 080 |
|
|
|a 379.8
|2 1981
|
| 100 |
1 |
|
|a Bolgov, V.I.
|4 aut
|9 1242926
|
| 245 |
1 |
0 |
|a Voľný čas a spôsob života
|c V.I. Bolgov ; V. I. Bolgov
|
| 300 |
|
|
|b Res. rus. angl. nem.
|
| 650 |
0 |
7 |
|a spôsob života
|2 snkbucl
|9 273332
|
| 650 |
0 |
7 |
|a voľný čas
|2 snkbucl
|9 3355
|
| 655 |
|
7 |
|a články z novín a časopisov
|2 snkbucl
|9 267496
|
| 700 |
1 |
|
|a Bolgov, V. I.
|4 aut
|9 1242927
|
| 773 |
0 |
|
|t Osveta
|g Roč. 22, č. 9 (1970), s. 10-21
|
| 850 |
|
|
|a Slovenská národná knižnica v Martine
|a MTA001
|
| 852 |
|
|
|a SNK
|b KIS3GCP
|
| 958 |
|
|
|a RK
|
| 992 |
|
|
|a RBX
|
| 999 |
|
|
|c 2201573
|d 2203503
|